[Event "Dos Hermanas"]
[Site "Dos Hermanas"]
[Date "1996.05.21"]
[Round "1"]
[White "Anand, Viswanathan"]
[Black "Shirov, Alexei"]
[Result "1-0"]
[WhiteElo "2725"]
[BlackElo "2690"]
[Annotator "Stohl,I"]
[PlyCount "115"]
[EventDate "1996.05.21"]
[EventType "tourn"]
[EventRounds "9"]
[EventCountry "ESP"]
[EventCategory "19"]
[SourceTitle "CBM 053"]
[Source "ChessBase"]
[SourceDate "1996.08.01"]
[SourceVersion "1"]
[SourceVersionDate "1996.08.01"]
[SourceQuality "1"]

1. e4 {Ftacnik} g6 2. d4 Bg7 3. Nc3 c6 4. Bc4 d6 5. Qf3 e6 6. Nge2 b5 (6... Nd7
7. Bf4 (7. Be3 Ngf6 8. g4 d5 9. Bd3 dxe4 10. Nxe4 Nxe4 11. Bxe4 Nf6 12. g5 Nxe4
13. Qxe4 Qa5+ 14. c3 e5 15. Ng3 Be6 16. O-O O-O-O 17. dxe5 Bxe5 18. Bf4 Bxf4
19. Qxf4 Qc7 20. Qa4 Qb6 21. Qc2 h6 $40 {Odeev,H-Komliakov,V/Ashkhabad/1996/})
7... Qe7 8. Bb3 e5 9. dxe5 dxe5 10. Bg5 $1 Ngf6 11. O-O-O h6 12. Be3 Nc5 13. h3
b6 14. Kb1 Nfd7 15. Nc1 Nxb3 16. axb3 a5 17. Rd2 O-O 18. Rhd1 Qd8 19. Na4 Qc7
20. Rxd7 $1 Bxd7 21. Bxb6 Qb7 22. Nc5 Qxb6 23. Nxd7 $16 {Konguvel,P-Mohr,G/
Linares op/1996/}) 7. Bb3 (7. Bd3 e5 (7... b4 8. Nb1 Bb7 9. O-O Ne7 10. Qh3 O-O
11. Nd2 Nd7 12. Nc4 Nb6 13. Na5 Bc8 14. a3 e5 15. Qg3 bxa3 16. Rxa3 exd4 17.
Bg5 f6 18. Bf4 d5 19. Bd6 Bd7 20. Nb7 Qe8 21. Bc5 dxe4 22. Bxe4 Nbc8 23. Nxd4
f5 24. Bd3 $16 {Vodicka,V-Nedela,V/CZE-chT 9596/1995/}) (7... Nd7 8. O-O Ne7 9.
Qg3 e5 10. d5 cxd5 11. Nxd5 Nxd5 12. exd5 a6 13. a4 bxa4 14. Nc3 f5 15. Bxf5
gxf5 16. Qxg7 Qf6 17. Qxf6 Nxf6 18. Rxa4 f4 19. f3 Bf5 20. Rf2 Kd7 21. Bxf4 $1
Rhc8 22. Bg5 Rxc3 23. bxc3 Nxd5 24. c4 $18 {Vasiukov,E-Zilberman,N/Belgorod/
1990/}) 8. Be3 Nf6 9. dxe5 dxe5 10. Rd1 Nbd7 11. Nc1 O-O 12. Nb3 Qc7 13. h3 a6
14. Nc5 Nxc5 15. Bxc5 Rd8 16. O-O Nd7 17. Be3 Nf8 18. Ne2 Ne6 19. c3 Bb7 20.
Bc2 c5 21. Qg3 Rxd1 22. Rxd1 Rd8 23. Rxd8+ Qxd8 24. f3 Bf6 25. Qe1 Bg5 26. Qc1
h6 27. Kf2 c4 28. Ke1 Kg7 $15 {1/2,Liss,E-Kanstler,B/Rishon le Zion/1994/})
7... a5 8. a3 Ba6 9. d5 $5 (9. O-O Nd7 (9... Ne7 10. Bf4 O-O 11. Rfe1 Qc7 12.
Rad1 Nd7 13. Qg3 Nc8 14. Qh4 b4 15. Na4 e5 16. dxe5 Nxe5 17. Bh6 Bb5 18. Nf4
Qd8 19. Qxd8 Rxd8 20. Bxg7 Kxg7 21. axb4 Bxa4 22. Bxa4 axb4 23. Bb3 Nb6 24. Ra1
Kf6 25. Nd3 Nxd3 26. cxd3 $10 {Sideifzade-Ivanov,A /Tashkent 1L/1980/}) 10. Bf4
Qe7 11. Rad1 (11. e5 $5 d5 12. Nd1 $14 {[%csl Gd4,Ge5] @,()[+]>>}) 11... e5 12.
Bg5 Ngf6 13. d5 $6 c5 14. a4 b4 15. Nb5 Nb6 16. Qd3 c4 17. Bxc4 Nxa4 18. Ra1
Nxb2 19. Qb3 Nxc4 20. Qxc4 Rc8 21. Qd3 Qd8 22. c4 O-O 23. Ra2 Rxc4 $1 24. Bxf6
Bxf6 25. Qxc4 Qb6 $17 {Nunn,J-Shirov,A/BL 9596/1996/}) 9... cxd5 (9... exd5
$142 $5 10. exd5 c5 11. O-O (11. a4 $5 b4 12. Nb5 $13 (12. Nb5 Bxb5 13. axb5
Nf6 14. c4 $14)) 11... Nf6 12. Bg5 h6 13. Bh4 g5 14. Bg3 O-O 15. a4 b4 16. Nb5
Ne8 17. c3 f5 18. h4 f4 19. Bh2 Nd7 20. hxg5 hxg5 21. Qh5 Qf6 22. Qh3 Ne5 23.
Qe6+ Kh8 24. Qxf6 Rxf6 25. Rfd1 Rb8 $17 {[%csl Rb3,Rh2] ץb3,Bh2,L�w,
G-Breutigam,M/BL 9596/1995/ Both White's B have very limited scope.}) (9... b4
10. dxe6 fxe6 11. Nd1 (11. Bxe6 $2 Qe7 12. Bxg8 bxc3 $19) 11... Qe7 12. Nf4 d5
13. Qh3 $16 {->}) 10. exd5 e5 {Now formally the central pawn structure favors
Black (f5,e4), but White's lead in development gives him an active position
and enables him to restrain Black's pawns (and later successfully attack them).
} 11. Ne4 h6 {[%cal Rf7f5] /\f5} (11... Qc7 $6 12. c4 $1 bxc4 (12... Ne7 {
Ftacnik} 13. c5 $40) (12... Nd7 13. N2c3 bxc4 14. Ba4 {-12...bxc4}) (12... a4
13. Bd1) 13. Ba4+ Nd7 (13... Ke7 14. N2c3 $44) 14. N2c3 Ke7 {[%cal Yg8f6] /
\Ngf6} (14... h6 $5 15. Nb5 (15. g4) 15... Bxb5 16. Bxb5 f5 17. Nd2 Ngf6 18.
Bc6 $36 {><a5,d6}) 15. Nxd6 Qxd6 (15... Kxd6 $2 16. Ne4+ Kxd5 17. Qxf7+ Kxe4
18. Bc2+ Kd4 19. Be3#) (15... f5 16. Ndb5 $18) 16. Ne4 Qxd5 (16... Qb6 17. d6+
Kf8 18. Bxd7 $16) (16... Qb8 17. d6+ Ke8 18. Bxd7+) 17. Bg5+ Ndf6 (17... f6 18.
Rd1 Qxd1+ 19. Qxd1 $18) 18. Rd1 Qb7 19. Rd7+ Qxd7 20. Bxd7 h6 $2 21. Qd1 {
1-0,Polgar,J-Shirov,A/Amsterdam Donner/1995/}) (11... f5 $2 12. Ng5 {[%csl Re6]
><e6}) 12. g4 (12. Qg3 Nf6 (12... Ne7 $6 13. f4 f5 14. fxe5 $5 Bxe5 15. Bf4
Bxf4 16. Nxf4 fxe4 17. Ne6 $44 {[%csl Re8][%cal Rg3c3] עe8,/\Qc3}) 13. Nxf6+
Qxf6 $13) (12. N2g3 Qd7 13. c4 f5 14. Nc3 e4 15. Qe3 a4 16. Bc2 Ne7 17. Nge2
Kf7 18. O-O bxc4 19. Bxa4 Qb7 20. f3 exf3 21. Qe6+ Kf8 22. Rxf3 Be5 23. g4 Qb6+
24. Be3 Qxb2 25. Rb1 Qxb1+ 26. Nxb1 Bc8 27. Qxc8+ Nxc8 {0-1 Aslanian,
L-Oganessiants,E/Erevan op (09)/1996/ (42)}) (12. h4 f5 13. Nd2 Ne7 14. a4 b4
15. h5 g5 16. Bc4 O-O 17. Qb3 Nd7 18. Bxa6 Rxa6 19. O-O Nc5 20. Qc4 Qa8 21. Rd1
Rc8 22. Nb3 Nxa4 23. Qb5 Nc5 24. Nxc5 Rxc5 25. Qd7 Kf8 26. Be3 Rxd5 {0-1
Sargissian,G-Galdunts,S/Erevan op (05)/1996/ (35)}) 12... Nf6 13. N2g3 Nxe4 14.
Nxe4 O-O 15. Qh3 f5 $5 $146 (15... Nd7 $2 16. Bxh6 Nc5 17. Ng5 Bf6 18. Bg7 $1 {
1-0,Zulfugarli,M-Bologan,V/Nikolaev zt/1995/}) (15... Kh7 16. Bxh6 Bxh6 17. g5
$16) 16. gxf5 Bc8 $1 (16... gxf5 17. Bxh6 fxe4 18. Bxg7 Kxg7 19. Rg1+ $18) (
16... Rxf5 17. Bxh6 Rh5 18. Qe6+ $16) 17. Ng3 $8 (17. Bxh6 $2 Bxf5 18. Qe3 Bxh6
$19) 17... Rxf5 $5 {A wild position arose, with both Ke1 and Kg8 relatively
unsafe.} (17... gxf5 18. Qg2 $5 (18. Bxh6 f4 19. Qh5 fxg3 20. Bxg7 (20. hxg3
Qf6 $17) 20... Kxg7 (20... gxf2+ $2 21. Ke2 Kxg7 22. Rhg1+ $1 fxg1=Q 23. Rxg1+
Kf6 24. Rg6+ Kf7 (24... Ke7 25. Rg7+ Kf6 26. Qg6#) 25. Re6+ Kg8 26. Qg6+ Kh8
27. Qh6+ Kg8 28. Rg6+ Kf7 29. Rg7+ $18) 21. Rg1 Rf7 $1 22. Rxg3+ Kf8 23. Qh8+
Ke7 24. Rg8 Qb6 25. Qh4+ (25. O-O-O Bd7 26. Rdg1 Qxf2 27. Kb1 a4 $17) 25... Kd7
26. Qh3+ Ke7 $10) (18. Nh5 f4 19. Qg2 (19. Qf1 Qh4 20. Nxg7 $16) 19... Qg5 (
19... Ra7 20. Rg1 Rff7 21. Bd2 Qh4 $132) 20. Qxg5 hxg5 $13) (18. f4 $1) 18...
Qh4 (18... f4 19. Ne4 $36) 19. Rg1 Rf7 20. Bd2 $14) (17... Bxf5 18. Nxf5 Rxf5
19. c3 $1 $36 {[%cal Gb1h7,Gg1g7] /\Bc2-><->g,/^b1-h7} (19. Bxh6 $2 Rh5 $19))
18. Qg2 $5 (18. Nxf5 Bxf5 19. Qg2 (19. Qg3 a4 20. Ba2 Nd7 $44) 19... Qh4 $5 (
19... a4 20. Ba2 Bxc2 21. Bb1 Bxb1 22. Rxb1 Qf6 23. Be3 Nd7 24. O-O Qf5 25.
Rbc1 $14) 20. Rg1 a4 21. Ba2 Nd7 $44 {[%csl Re1] @,עe1}) 18... a4 (18... Rf7
19. c3 Nd7 20. Bc2 Nf8) 19. Ba2 Rf4 (19... Rf7 $5 20. Ne4 Bf5 $13) 20. c3 (20.
Bxf4 $6 exf4 21. Ne4 Bf5 22. O-O-O b4 $1 23. axb4 a3 $40) 20... Rh4 21. h3 (21.
Bb1 Bh3 22. Qf3 Qe8 $13) 21... Bf5 $2 (21... Nd7 22. Ne4 Nf6 $132) 22. Nxf5
gxf5 {White's B-pair doesn't seem too impressive now, but we will see in a few
moves, how the B will start attacking Black's weak pawns and weakened K-side.}
23. Qg6 Qf8 (23... Qf6 24. Qe8+ Qf8 25. Qe6+ $16) 24. Be3 {[%cal Gg1g6] @,
-><->g} (24. Bb1 e4 $132) 24... Kh8 (24... Nd7 25. Qe6+ Qf7 26. Qxd6 $18) (
24... f4 25. Bd2 {[%cal Ra2b1] /\Bb1->}) (24... Na6 25. Bb1 e4 26. Rg1 Kh8 27.
Qg3 $40) 25. O-O-O {With his K finally safe White has a raging attack.} Nd7 26.
Qe6 Rd8 (26... Nc5 27. Bxc5 dxc5 28. d6 $40 {[%csl Gd6] o^d} (28. d6 b4 29. d7
bxc3 30. bxc3 e4 31. d8=Q Rxd8 32. Rxd8 Qxd8 33. Rd1 Qf8 34. Rd7 c4 35. Re7 $18
)) 27. Rdg1 f4 28. Ba7 $1 $8 {Looks strange, but the B is unassailable on a7,
controls c5 and can attack the important Pd6 from b8 or c7 later.} (28. Bd2 $2
Nc5 29. Qg6 e4 $36) 28... Nf6 (28... Qf6 29. Rg6 $1 $18) 29. Bb1 Re8 30. Qf5 {
This dangerous Q-B battery will cost Black material even if he manages to beat
off the attack.} Qf7 31. Bb6 Rf8 (31... Qxd5 32. Rh2 $1 (32. Rxg7 Qxh1+ 33. Kd2
Qxb1 $5 (33... Qd5+ 34. Ke1 (34. Bd4 Kxg7 35. Qg6+ Kh8 36. Qxf6+ Kg8 $10) 34...
Qh1+ 35. Ke2 f3+ 36. Kd2 Qxb1 37. Qxb1 Kxg7 38. Qd3 $14) 34. Qxf6 (34. Qxb1
Kxg7 $17 (34... Kxg7 35. Qd3 $14)) 34... Qxb2+ 35. Kd1 Qb1+ $10) 32... Qf7 (
32... e4 33. Qg6 Re7 34. Bd4 $18) (32... f3 33. Be3 $1 {[%cal Rg1g6,Re3g5] /
\Rg6->}) 33. Rhg2 Rg8 34. Bd8 $1 Rxd8 (34... Rh5 35. Qxf6 $1 $18) 35. Rxg7 Qxg7
36. Rxg7 Kxg7 37. Qg6+ $18) 32. Rg6 Rh5 (32... Nxd5 33. Qxf7 Rxf7 34. Rxd6 Nxb6
35. Rxb6 $16) 33. Qe6 Rg5 34. Rxg5 hxg5 35. Rd1 $1 $18 {[%csl Gb1,Gb6,Ra4,Rb5,
Rd6] ^^,><a4,b5,d6 Black manages to exchange Queens, but his weak pawns fall
prey to the White B-pair.} Qd7 (35... Ne8 36. Bg6 $18 (36. Bd3 $5)) (35... Qxe6
36. dxe6 d5 37. Ba2 $16) 36. Qxd7 Nxd7 37. Bc7 Rf6 $8 38. Bd3 Nc5 39. Bxb5 e4
40. Bb6 Bf8 (40... e3 41. fxe3 fxe3 42. Bxc5 dxc5 43. d6 $18) (40... Rh6 41.
Bxc5 dxc5 42. d6 $18) 41. Bxc5 dxc5 {White will be at least two pawns up and
even the ^-B can't save this endgame for Black.} 42. Re1 $1 e3 (42... Rh6 43.
Rxe4 Rxh3 44. Bxa4 $18) 43. fxe3 f3 44. Bxa4 c4 (44... Bd6 45. Rf1 f2 46. Bb5
Bg3 47. a4 $18) 45. Bb5 Rh6 46. Bd7 (46. Bxc4 $6 Rxh3 $132 {[%csl Gf3,Gg5] o^f,
g} (46... Rxh3 47. Rf1 g4 $132)) 46... f2 47. Rf1 Bc5 48. e4 (48. Kd2 $6 Rb6
$16) 48... Rf6 49. Bb5 Rf4 (49... Rh6 50. e5 Rxh3 51. d6 Rf3 52. Bxc4 g4 53.
Bd5 $18) 50. Bxc4 Rxe4 51. Bb5 Re3 (51... Re1+ 52. Kc2 $18) 52. d6 (52. Rxf2 $4
Re1+ $17) 52... Bxd6 (52... Re1+ 53. Kd2 Rxf1 54. Bxf1 Bxd6 55. b4 $18) 53.
Rxf2 Rxh3 54. Bd7 Rg3 55. Kc2 g4 56. Rd2 Bc7 (56... Bf4 57. Rd4 Rg2+ 58. Kb1
$18) 57. a4 Rg1 58. Bc6 (58. Bc6 g3 59. Rd1 $1 Rxd1 60. Kxd1 $18 {[%csl Ga4,
Gb2,Gc3] o^a,b,c}) 1-0

[Event "EU-Cup 09th Group5"]
[Site "Balatonbereny"]
[Date "1993.??.??"]
[Round "2"]
[White "Dvoirys, Semen I"]
[Black "Minasian, Artashes"]
[Result "1/2-1/2"]
[WhiteElo "2590"]
[BlackElo "2535"]
[Annotator "Stohl,I"]
[PlyCount "139"]
[EventDate "1993.09.07"]
[EventType "team-k.o."]
[EventRounds "3"]
[EventCountry "HUN"]
[SourceTitle "EXT 2020"]
[Source "ChessBase"]
[SourceDate "2019.10.17"]
[SourceVersion "1"]
[SourceVersionDate "2019.10.17"]
[SourceQuality "1"]
[WhiteTeam "Chelyabinsk Poliot"]
[BlackTeam "Hayastan Dinamo"]
[WhiteTeamCountry "RUS"]
[BlackTeamCountry "ARM"]

1. e4 g6 2. d4 Bg7 3. Nc3 c6 4. Nf3 d6 5. h3 (5. Be2 b5 6. O-O Bb7 7. Re1 Nd7
8. Bf1 Qc7 9. h3 a6 10. a4 b4 11. Na2 c5 12. dxc5 dxc5 13. c3 bxc3 14. Nxc3 e6
15. Bg5 Ngf6 16. Qc2 O-O 17. Rad1 h6 18. Bh4 Rfe8 19. Bg3 $14 {Makarov,
M-Tringov,G/Arandjelovac/1993/}) 5... Nd7 (5... Na6 6. Be2 Nc7 7. O-O Nf6 8.
Re1 O-O 9. Bf1 Ne6 10. Be3 d5 11. Qd3 b6 12. Rad1 Bb7 13. e5 Ne8 14. Ne2 N8c7
15. Nh2 Ba6 16. Qd2 c5 17. c3 cxd4 18. cxd4 Qd7 19. f4 Rfc8 20. g4 Nd8 21. Rc1
$14 {Renet,O-Csom,I/Cannes/1989/}) (5... b5 $5 6. a3 Bb7 7. Bd3 Nd7 8. O-O e5
9. d5 a6 10. dxc6 Bxc6 11. a4 b4 12. Na2 Qb8 13. Bd2 a5 14. Bb5 Bxb5 15. axb5
Ngf6 16. c3 O-O 17. cxb4 Qxb5 18. bxa5 Nxe4 19. Bb4 Rfc8 $36 {Perez Perez,
F-Botvinnik,M/Oberhausen EUchT/1961/}) 6. Be3 (6. Be2 e5 7. dxe5 dxe5 8. Be3
Ngf6 9. Qd6 Qe7 10. Qxe7+ Kxe7 11. a4 Ne8 12. Nd2 Nc7 13. Nb3 Ne6 14. O-O-O f5
15. f3 f4 16. Bf2 Rd8 17. Rd2 Nf6 18. Rhd1 Rxd2 19. Rxd2 b6 20. a5 Rb8 21. Na4
c5 22. axb6 axb6 23. Nc3 g5 $132 {Bartak,V-Petkevich,J/Marianske Lazne op/1989/
}) 6... b5 (6... e5 $5 7. dxe5 dxe5 8. Qd6 Qe7 9. Qxe7+ Kxe7 10. Bc4 f6 11.
O-O-O Bh6 12. Rhe1 b5 13. Bf1 Nb6 14. Nd2 Bxe3 15. Rxe3 a5 16. Nb3 Nh6 17. Nc5
Nf7 18. a4 b4 19. Nb1 Ng5 20. Nd2 Ne6 $10 {Pribbyl,J-Sichinava/Ml.Boleslav op/
1993/}) 7. Bd3 (7. Qd2 Qa5 $6 (7... Ngf6 $142 {-B07}) 8. Bd3 Nb6 9. O-O Nc4 10.
Bxc4 bxc4 11. e5 $1 d5 12. b3 Ba6 13. e6 fxe6 14. Rfe1 Nf6 15. Bg5 O-O 16. Rxe6
cxb3 17. cxb3 Qc7 18. Rae1 $16 {Hartmann,G-Schnaebele,U/BL 8990/1990/}) 7... a6
(7... Ngf6 $6 8. e5 $1 $36) 8. O-O Bb7 9. a4 (9. Qd2 c5 $1 $132) (9. Ne2 $5
Ngf6 10. Ng3 c5 11. c3 $14) 9... b4 10. Ne2 a5 11. c3 bxc3 12. bxc3 (12. Nxc3
$5 $14 {/\} Ngf6 13. e5 $36) 12... Ngf6 13. Rb1 Qc7 14. e5 Nd5 $1 $132 15. exd6
exd6 16. Bg5 O-O 17. Bh4 (17. Qd2 Ba6 $10) 17... N7b6 (17... Ba6 $5 18. Bxa6
Rxa6 19. Bg3 N7f6 $10) 18. Bg3 Ba6 19. Bxa6 Rxa6 20. c4 $1 Nb4 $8 (20... Nxc4
$2 21. Qd3 Ndb6 22. Rfc1 $16 (22. Rxb6 $16)) 21. c5 Nc8 22. Nf4 $14 Qd8 (22...
Qd7 23. cxd6 Nxd6 24. Ne5 Qd8 25. Qe2 $14) 23. Nd3 dxc5 $5 $8 (23... Nxd3 $6
24. Qxd3 Ra7 25. cxd6 Nxd6 26. Ne5 $16) 24. Nxc5 Ra7 25. Nd3 Nxd3 26. Qxd3 Rd7
$132 27. Qc4 Bxd4 (27... Ne7 $2 28. Rb8 $16) 28. Nxd4 Rxd4 29. Qxc6 Ne7 30. Qc5
(30. Qb7 Nf5 31. Bc7 Qd7 $10) 30... Nf5 31. Bc7 Qa8 (31... Qd7 $5 $10) 32. Qb5
(32. g4 $2 Nh4 $40) 32... Qe4 33. Rfe1 Qc2 34. Be5 Re4 $1 $10 (34... Rxa4 $2
35. Rbc1 Qa2 36. Ra1 $18) 35. Qxa5 Qxa4 36. Qb6 Re8 37. f4 (37. Qf6 $2 R8xe5
38. Rb8+ Re8 $19) 37... Rxe1+ 38. Rxe1 Re6 39. Qd8+ Qe8 40. Rd1 Qf8 $1 $8 41.
Qc7 Re8 {/\f6} (41... f6 42. Rd8 Re8 43. Bxf6 $1 $14 (43. Rxe8 Qxe8 44. Bxf6
Qe1+ $10)) 42. g4 Qa3 $1 43. Bc3 (43. gxf5 Qg3+ 44. Kf1 $8 Qf3+ $10) 43... Ne3
44. Qc6 (44. Rd8 $4 Qc1+ 45. Kh2 (45. Kf2 Qf1+) 45... Qc2+ 46. Kg3 Qg2+ 47. Kh4
Qf2+ 48. Kg5 h6+ 49. Kf6 (49. Kxh6 Qh4#) 49... Nd5+ $1 50. Rxd5 Re6#) 44... Qa8
45. Qxa8 Rxa8 46. Rd7 Rc8 47. Bf6 Nc4 48. Kf2 Re8 49. Rd4 Na5 50. Kf3 Nc6 51.
Rd7 (51. Rc4 Re6 52. g5 Kf8 $10) 51... Re6 52. g5 Kf8 53. Rc7 (53. h4 Ke8 54.
Rd2 Ne7 $10) 53... Ne7 $1 {/\Ng8} 54. Bxe7+ Rxe7 55. Rc1 Ra7 56. h4 Kg7 57. Kg4
h5+ 58. Kg3 Ra3+ 59. Kg2 Re3 60. Rc5 Kf8 61. Ra5 Re4 62. Kg3 Ke7 63. f5 Rg4+
64. Kh3 Rd4 65. Kg3 (65. f6+ Ke6 66. Ra7 Rd3+ 67. Kg2 Rd4 $10) 65... Rd3+ 66.
Kf4 gxf5 67. Kxf5 Rf3+ (67... Rd4 68. Re5+ Kf8 69. Re4 $10) 68. Ke5 Kf8 69. Ra4
Kg7 70. Rb4 1/2-1/2

[Event "Kuala Lumpur"]
[Site "Kuala Lumpur"]
[Date "1994.??.??"]
[Round "1"]
[White "Xie, Jun"]
[Black "Gaprindashvili, Nona"]
[Result "1/2-1/2"]
[WhiteElo "2515"]
[BlackElo "2365"]
[Annotator "Stohl,I"]
[PlyCount "89"]
[EventDate "1994.03.??"]
[EventType "tourn"]
[EventRounds "10"]
[EventCountry "MAS"]
[EventCategory "10"]
[SourceTitle "CBM 041"]
[Source "ChessBase"]
[SourceDate "1994.08.01"]
[SourceVersion "1"]
[SourceVersionDate "1994.08.01"]
[SourceQuality "1"]

1. e4 g6 2. d4 Bg7 3. Nc3 d6 4. Be3 a6 5. Qd2 b5 6. f3 Bb7 (6... c6 7. h4 Nf6
8. Bh6 $6 (8. g4 $142) 8... Bxh6 9. Qxh6 Qa5 10. Nge2 Nbd7 11. Nc1 c5 $1 12.
Nb3 Qc7 13. Qe3 cxd4 14. Qxd4 Qb6 15. Qd2 Bb7 16. O-O-O Nc5 17. Nxc5 Qxc5 18.
Bd3 O-O-O 19. Kb1 Kb8 $10 {Dimitrov,V-Nijboer,F/Debrecen EU-chT/1992/}) 7. h4 (
7. a4 b4 8. Nd1 a5 9. c3 bxc3 10. bxc3 Nd7 11. Rb1 Qc8 12. Bd3 Ba6 13. Ne2 Bxd3
14. Qxd3 Ngf6 15. O-O O-O 16. Nb2 c5 17. Nc4 d5 $1 18. Nd2 e5 19. dxe5 Nxe5 20.
Qb5 Ned7 $15 {Safin,S-Kantsler,B/Bishkek zt/1994/}) (7. Nge2 c6 (7... Nd7 $5)
8. O-O-O Nd7 9. g4 Qa5 10. h4 h6 (10... b4 11. Nb1 c5 $5 $132) 11. Ng3 e6 12.
Be2 O-O-O 13. a3 Ne7 14. Kb1 Qc7 $14 {Zude,A-Galdunts,S/Muenster op/1991/} 15.
h5 g5 16. f4 gxf4 17. Bxf4) 7... h6 (7... h5 8. Nh3 Nd7 9. Ng5 Ngf6 10. a4 b4
11. Ne2 a5 12. c3 bxc3 13. bxc3 O-O 14. Nc1 c6 15. Nd3 Qc7 16. Qa2 $5 c5 17.
Nf4 $36 {Gazik,I-Sznapik,,A/Budapest zt-B/1993/}) 8. Nge2 (8. a4 $5 b4 9. Nd1
a5 10. c3 bxc3 11. bxc3 Nf6 12. Bd3 $14 {><h6}) 8... Nd7 9. g4 c5 $132 10. Ng3
cxd4 11. Bxd4 Bxd4 (11... Ne5 12. Be2 $36 {/\f4}) 12. Qxd4 Ngf6 $1 13. a4 $5 (
13. g5 Ne5 14. Be2 hxg5 15. hxg5 Rxh1+ 16. Nxh1 Nc6 17. Qe3 Nd7 $10) 13... Ne5
14. Be2 Nc6 15. Qd2 Qa5 $5 (15... b4 16. Nd5 $36) 16. h5 (16. Kf2 $6 b4 17. Nd5
Nxd5 18. exd5 Ne5 {><d5}) 16... b4 17. Nd1 O-O-O {/\d5->} (17... g5 $5 18. Nf5
Ne5 (18... Bc8 $2 19. Nxd6+ exd6 20. Qxd6) 19. Nde3 Rd8 $132) 18. hxg6 fxg6 19.
Rxh6 Rxh6 20. Qxh6 Nd4 21. Qd2 (21. Kf1 $5 {/\} Nxc2 22. Rc1 b3 23. Qxg6 $13)
21... Qe5 22. Nf1 (22. f4 $6 Qc5 {ק}) 22... Rh8 $44 23. Nde3 Nxe2 24. Nc4 $8 (
24. Kxe2 Qxb2 $17) 24... Qd4 25. Qxe2 d5 26. exd5 Bxd5 (26... Nxd5 $2 27. Qe5
$1 $16) 27. Ncd2 (27. Nce3 Qxb2 28. Qxa6+ Bb7 29. Qe6+ Kb8 $132) 27... Qxb2 28.
Rb1 Qxc2 29. Qxa6+ Kd7 30. Qa7+ Ke6 31. Qe3+ Kf7 32. g5 (32. Rxb4 Rh1 $5 $44 (
32... Rc8 $44)) 32... Nh5 33. Rxb4 Rc8 34. Rb5 Rc3 35. Qe5 Bc6 (35... Bxf3 $2
36. Nxf3 Rxf3 37. Qd5+ $18) 36. Ra5 {/\Ra7} Ng7 $1 37. Ra7 Nf5 38. Qf6+ Kg8 39.
Qxg6+ Kf8 40. Rc7 (40. Qh5 Qc1+ 41. Kf2 Rxf3+ $5 42. Nxf3 Qc5+ 43. Kg2 Qxa7 44.
Qh8+ Kf7 45. Qh7+ Ng7 $10) 40... Qc1+ 41. Kf2 Rxf3+ $1 42. Nxf3 Qc5+ 43. Ke1 (
43. Kg2 $2 Nh4+) (43. Ke2 Qc2+ (43... Bxf3+ 44. Kxf3 Nh4+ 45. Kg3 Qxc7+ 46.
Kxh4 Qf4+ 47. Kh5 $14) 44. Ke1 $10 (44. N1d2 $2 Bxf3+ $19)) 43... Qc1+ 44. Kf2
Qc5+ $10 45. Ke1 1/2-1/2

[Event "Graz zt"]
[Site "Graz"]
[Date "1993.??.??"]
[Round "11"]
[White "Lendwai, Reinhard"]
[Black "Lau, Ralf"]
[Result "1-0"]
[WhiteElo "2410"]
[BlackElo "2530"]
[Annotator "Stohl,I"]
[PlyCount "107"]
[EventDate "1993.03.??"]
[EventType "tourn"]
[EventRounds "13"]
[EventCountry "AUT"]
[EventCategory "8"]
[SourceTitle "CBM 035"]
[Source "ChessBase"]
[SourceDate "1993.08.01"]
[SourceVersion "1"]
[SourceVersionDate "1993.08.01"]
[SourceQuality "1"]

1. e4 d6 2. d4 g6 3. Nc3 Bg7 4. Be3 c6 5. Qd2 Nd7 6. f3 b5 7. g4 (7. Nh3 $5 Nb6
8. Nf2 a5 9. b3 (9. Bd3 Nc4 10. Bxc4 bxc4 11. O-O Nf6 12. Rae1 Rb8 13. Ncd1 O-O
14. c3 e5 15. Bh6 Qb6 16. Bxg7 Kxg7 17. Kh1 Nh5 18. g3 Kg8 19. Ng4 Bxg4 20.
fxg4 Ng7 21. dxe5 dxe5 22. Qe2 Qb5 $132 {Hennings,A-Burkart,P/BL 9091/1990/})
9... h6 $6 (9... a4 $142 $5 $13) 10. Be2 b4 11. Ncd1 c5 12. a3 f5 13. axb4 cxb4
14. O-O Nf6 15. c3 g5 16. exf5 Bxf5 17. Bb5+ Kf7 18. c4 Qc7 19. Rc1 Qb7 20. Qe2
Rhb8 21. Ne4 $1 $36 {Plachetka,J-Chernyshov,A/St.Mesto/1992/}) 7... a6 (7...
Rb8 $5 8. h4 (8. Bd3 $142) 8... h5 $1 9. g5 e6 10. f4 b4 11. Nce2 Ne7 12. Ng3
c5 13. Nf3 Bb7 14. Bd3 O-O 15. c3 bxc3 16. bxc3 cxd4 17. cxd4 Nc5 $1 18. O-O (
18. Bc2 d5 $17) 18... Nxd3 19. Qxd3 Qa5 $36 {Bibby,S-Mestel,AJ/BCF-ch/1992/}) (
7... Nb6 8. h4 h5 9. g5 e6 10. b3 Ne7 11. Nge2 Qc7 12. Bg2 a5 13. O-O O-O 14.
Rac1 Ba6 15. Nd1 b4 16. c3 bxc3 17. Ndxc3 d5 18. Bf4 Qd7 19. Rfd1 Rfd8 20. Qe3
Rac8 21. Qf2 Qb7 $13 {Oll,L-Mohr,S/Debrecen/1989/}) 8. Nge2 Nb6 (8... Bb7 9. h4
h6 10. Ng3 Qc7 11. f4 b4 12. Nd1 Ngf6 13. Nf2 c5 14. dxc5 dxc5 15. O-O-O O-O-O
16. g5 Nb6 17. Qe2 Nfd7 18. b3 c4 19. Kb1 Nc5 20. Bh3+ Kb8 $13 {Ilincic,
Z-Todorcevic,M/YUG-ch/1989/}) 9. b3 Nf6 $5 {N} (9... Qc7 10. Nd1 c5 11. h4 h6 (
11... h5 $142 $5 $13) 12. c3 Bb7 13. Rc1 e6 14. Bg2 Rd8 15. Nf2 Ne7 16. Ng3 c4
17. f4 f5 18. h5 $1 $16 {Ikonic,B-Forintos,Gy/Sarajevo/1978/}) 10. Bg2 (10. Bh6
$5 Bxh6 11. Qxh6 e5 12. O-O-O Qe7 13. Qe3 $14) 10... Bb7 11. Ng3 Qc7 12. Nce2
c5 $132 13. h4 (13. c3 a5 {/\b4,a4<=>}) 13... h5 $8 14. g5 Nfd7 15. f4 cxd4 $6
(15... O-O $142 16. O-O-O (16. f5 $6 cxd4 17. Nxd4 d5 $36) 16... a5 $13) 16.
Bxd4 Bxd4 (16... e5 17. Bb2 $16) 17. Qxd4 O-O (17... e5 18. Qb2 {/\f5()}) 18.
O-O-O $1 Rac8 19. Rd2 {()>>} Qc5 20. Qb2 e5 $6 {><d6} (20... a5 $14 {<=>}) 21.
f5 $16 a5 22. Rhd1 Rc6 23. Bh3 Re8 24. Kb1 {/\Rd3,c3,Qd2} Rec8 25. c3 Ba6 26.
fxg6 $1 fxg6 27. Be6+ Kg7 28. Rf1 Rf8 $8 29. Rdd1 Rcc8 (29... Bc8 30. Qd2 $16)
30. Qd2 Rxf1 31. Rxf1 Rf8 32. Rd1 b4 33. c4 Re8 34. Qxd6 $18 Qxd6 35. Rxd6 Nc5
36. Bd5 $1 (36. Rxb6 Rxe6 $16) 36... Rb8 37. Rc6 Nbd7 38. Rc7 Rc8 39. Ra7 Kf8
40. Kc2 Ke7 41. Kd2 Kd6 42. Ke3 Rf8 43. Nxh5 $1 a4 (43... gxh5 44. Ng3 {
/\g6-g7,Nf5#}) 44. Nhg3 axb3 45. axb3 Bc8 46. h5 Nb6 (46... Nxb3 47. hxg6 {
/\g7+-}) 47. hxg6 Nxd5+ 48. exd5 Rg8 (48... Nxb3 $2 49. Ne4#) 49. Rh7 $1 Bg4 (
49... Rxg6 50. Rh6 Rxh6 51. gxh6 $18) 50. Nc1 {/\Nd3} Rf8 {/\Rf3} 51. Rf7 Rxf7
(51... Rg8 52. Nd3 Nxd3 53. Ne4#) 52. gxf7 Ke7 53. g6 Bd1 54. Ne4 {[Stohl]} (
54. Ne4 Nxb3 55. d6+) 1-0